Posilnenie transparentnosti výberu daní elektronizáciou daňových agend
Opatrenia Európskej únie zamerané na elimináciu daňových únikov a daňových podvodov. Elektronizácia služieb finančnej správy Slovenskej republiky. Spolupráca finančnej správy so zahraničím. Počet prípadov medzinárodnej výmeny daňových informácií za roky 2005-2015 v SR. Finančná efektívnosť výmeny da...
Salvato in:
| Autore principale: | |
|---|---|
| Natura: | Capitolo di libro |
| Lingua: | slovacco |
| Soggetti: | |
| Tags: |
Nessun Tag, puoi essere il primo ad aggiungerne!!
|
MARC
| LEADER | 00000naa$a2200000$$$4500 | ||
|---|---|---|---|
| 001 | 0234084 | ||
| 005 | 20240502083623.6 | ||
| 041 | 0 | |a slo | |
| 044 | |a RS | ||
| 245 | 1 | 0 | |a Posilnenie transparentnosti výberu daní elektronizáciou daňových agend |c Anna Schultzová |
| 520 | |a Opatrenia Európskej únie zamerané na elimináciu daňových únikov a daňových podvodov. Elektronizácia služieb finančnej správy Slovenskej republiky. Spolupráca finančnej správy so zahraničím. Počet prípadov medzinárodnej výmeny daňových informácií za roky 2005-2015 v SR. Finančná efektívnosť výmeny daňových informácií. | ||
| 610 | 2 | 0 | |a dane |
| 610 | 2 | 0 | |a únik daňový |
| 610 | 2 | 0 | |a podvody daňové |
| 610 | 2 | 0 | |a regulácia |
| 610 | 2 | 0 | |a smernice |
| 610 | 2 | 0 | |a informácie |
| 610 | 2 | 0 | |a správa finančná |
| 610 | 2 | 0 | |a elektronizácia |
| 610 | 2 | 0 | |a Slovensko |
| 610 | 2 | 0 | |a Európska únia |
| 100 | 1 | |a Schultzová, Anna | |